[Event "Balatonlelle Rigo Memorial IM 2nd"]
[Site "Balatonlelle"]
[Date "2023.06.16"]
[Round "3"]
[White "Ngo, Bach"]
[Black "Szikszai, Bertalan"]
[Result "1-0"]
[WhiteElo "2293"]
[BlackElo "2205"]
[PlyCount "179"]
[EventDate "2023.06.14"]
[EventType "tourn"]
[EventRounds "9"]
[EventCountry "HUN"]
[EventCategory "1"]
[SourceTitle "CBM 214 Extra"]
[Source "ChessBase"]
[SourceDate "2023.07.31"]
[SourceVersion "1"]
[SourceVersionDate "2023.07.31"]
[SourceQuality "1"]

1. d4 Nf6 2. c4 g6 3. Nc3 d5 4. cxd5 Nxd5 5. Na4 Bg7 6. e4 Nb6 7. Be3 0-0 8. Nf3 f5 9. exf5 Bxf5 10. Be2 Nc6 11. Nc5 Rb8 12. 0-0 Kh8 13. Rc1 Qd6 14. Bb5 Nb4 15. Qd2 N4d5 16. Bh6 c6 17. Bd3 Nd7 18. Rfe1 Nxc5 19. dxc5 Qf6 20. Bxg7+ Qxg7 21. Bc4 Rbd8 22. Qg5 Nf6 23. Qf4 Bd3 24. Qe5 Bxc4 25. Rxc4 Rd7 26. Ng5 Rd5 27. Qe3 Qg8 28. Ne6 Rf7 29. Qc3 Qb8 30. h4 Kg8 31. Qe3 Rf5 32. Qg3 Qxg3 33. fxg3 Nd5 34. Rc2 Nb4 35. Rd2 Rd5 36. Rxd5 Nxd5 37. Nd8 Rf8 38. Nxb7 Rb8 39. Na5 Rxb2 40. Nxc6 Rc2 41. Re5 e6 42. Rxe6 Rxc5 43. Rd6 Ne3 44. Nd4 Ra5 45. Kf2 Nc4 46. Rd8+ Kf7 47. Rd7+ Kf6 48. Rxh7 Rxa2+ 49. Kf3 Ne5+ 50. Ke4 Nf7 51. g4 g5 52. Rh5 Rxg2 53. hxg5+ Nxg5+ 54. Kf4 Rf2+ 55. Ke3 Rf1 56. Rh6+ Kf7 57. Ra6 Re1+ 58. Kf2 Re4 59. Nf5 Rb4 60. Rxa7+ Kf6 61. Ne3 Rf4+ 62. Ke2 Kg6 63. Ra6+ Rf6 64. Ra4 Nf7 65. Ra8 Kg5 66. Rg8+ Rg6 67. Rf8 Rf6 68. Rg8+ Rg6 69. Ra8 Rf6 70. Ra5+ Kh4 71. Rh5+ Kg3 72. Rh1 Ng5 73. Rg1+ Kh3 74. Nd5 Rf3 75. Ne3 Rf6 76. Nf5 Re6+ 77. Kf2 Ne4+ 78. Kf3 Nd2+ 79. Kf2 Ne4+ 80. Ke3 Kh2 81. Nd4 Re8 82. Nf3+ Kh3 83. Kf4 Re7 84. g5 Rf7+ 85. Kxe4 Rf4+ 86. Kd5 Rxf3 87. g6 Rf8 88. g7 Rg8 89. Ke6 Kh4 90. Kf7 1-0

[Event "Balatonlelle Rigo Memorial IM 2nd"]
[Site "Balatonlelle"]
[Date "2023.06.15"]
[Round "2"]
[White "Szikszai, Bertalan"]
[Black "Csonka, Attila Istvan"]
[Result "0-1"]
[WhiteElo "2205"]
[BlackElo "2302"]
[PlyCount "162"]
[EventDate "2023.06.14"]
[EventType "tourn"]
[EventRounds "9"]
[EventCountry "HUN"]
[EventCategory "1"]
[SourceTitle "CBM 214 Extra"]
[Source "ChessBase"]
[SourceDate "2023.07.31"]
[SourceVersion "1"]
[SourceVersionDate "2023.07.31"]
[SourceQuality "1"]

1. e4 c6 2. d4 d5 3. e5 c5 4. dxc5 Nc6 5. Nf3 Bg4 6. Bb5 e6 7. b4 Nge7 8. Bb2 g6 9. Nbd2 Bg7 10. h3 Bxf3 11. Nxf3 0-0 12. a3 a5 13. Bxc6 Nxc6 14. b5 Nb8 15. c4 dxc4 16. Qc2 Qc7 17. Qxc4 Nd7 18. 0-0 Qxc5 19. Rac1 Qxc4 20. Rxc4 Nb6 21. Rc7 Rab8 22. Rfc1 Bh6 23. R1c2 Rfd8 24. Bd4 Nd5 25. R7c4 Bf8 26. Bb2 Nb6 27. Rd4 Rdc8 28. Re2 Rc5 29. a4 Rbc8 30. Ba3 Rd5 31. Bxf8 Kxf8 32. Ree4 Rc1+ 33. Kh2 h6 34. h4 Ke7 35. Nd2 Rc3 36. h5 g5 37. f3 Ra3 38. Kg3 Rxd4 39. Rxd4 Rxa4 40. Rxa4 Nxa4 41. Nc4 b6 42. f4 gxf4+ 43. Kxf4 Nc3 44. Na3 f6 45. g3 Kf7 46. Nc4 Nxb5 47. Nxb6 f5 48. Na4 Nd4 49. Ke3 Nc6 50. Kf4 Ke7 51. Nc5 Kf7 52. Na4 Nb4 53. Ke3 Ke8 54. Kd4 Nc6+ 55. Kc5 Kd7 56. Nb6+ Kc7 57. Nc4 a4 58. Kb5 Nxe5 59. Na3 Nd7 60. Kxa4 Nf6 61. Kb4 Nxh5 62. Kc5 Nxg3 63. Nb5+ Kd7 64. Kd4 Kc6 65. Na7+ Kd6 66. Nb5+ Ke7 67. Ke5 Ne4 68. Nd4 Ng5 69. Nc6+ Kf7 70. Nd8+ Kg6 71. Nc6 h5 72. Nd4 h4 73. Ne2 Kh5 74. Kf4 h3 75. Kg3 e5 76. Ng1 f4+ 77. Kh2 Kg4 78. Ne2 Kf3 79. Ng1+ Kf2 80. Kh1 e4 81. Kh2 Nf3+ 0-1

[Event "Balatonlelle Rigo Memorial IM 2nd"]
[Site "Balatonlelle"]
[Date "2023.06.14"]
[Round "1"]
[White "Doraszelski, Alexander"]
[Black "Szikszai, Bertalan"]
[Result "1/2-1/2"]
[WhiteElo "2132"]
[BlackElo "2205"]
[PlyCount "113"]
[EventDate "2023.06.14"]
[EventType "tourn"]
[EventRounds "9"]
[EventCountry "HUN"]
[EventCategory "1"]
[SourceTitle "CBM 214 Extra"]
[Source "ChessBase"]
[SourceDate "2023.07.31"]
[SourceVersion "1"]
[SourceVersionDate "2023.07.31"]
[SourceQuality "1"]

1. e4 c5 2. Nc3 Nc6 3. Bb5 Nd4 4. Nf3 a6 5. Bd3 g6 6. Nxd4 cxd4 7. Ne2 d5 8. c3 dxc3 9. Qa4+ Bd7 10. Qd4 dxe4 11. Bxe4 cxb2 12. Bxb2 Nf6 13. Bxb7 Rb8 14. Bxa6 Qb6 15. Qxb6 Rxb6 16. Bxf6 Rxf6 17. Bc4 Bg7 18. Rb1 0-0 19. 0-0 Rd6 20. d3 Ra8 21. Rb7 Bf6 22. Rfb1 Kg7 23. R1b6 Rxb6 24. Rxb6 h5 25. h3 h4 26. Kf1 g5 27. Ke1 g4 28. hxg4 Bxg4 29. Nf4 Bc3+ 30. Kf1 e6 31. Ne2 Be5 32. Rb4 Bf5 33. d4 Bf6 34. Bb3 Bd3 35. Ke1 Bg5 36. f4 Be7 37. Rb7 Kf8 38. Nc3 Bd6 39. d5 Ba6 40. Rb6 Bxf4 41. dxe6 fxe6 42. Ne4 Bd3 43. Rxe6 Bxe4 44. Rf6+ Ke7 45. Rxf4 Bxg2 46. Rxh4 Kd6 47. Rh5 Re8+ 48. Kd2 Re5 49. Rh2 Bf3 50. Kc3 Kc5 51. Rh8 Bb7 52. Rb8 Ba6 53. Ra8 Re3+ 54. Kd2 Rd3+ 55. Kc2 Rd6 56. Rh8 Be2 57. Rc8+ 1/2-1/2

[Event "HUN-chT 2223"]
[Site "Hungary"]
[Date "2023.04.23"]
[Round "9.11"]
[White "Szikszai, Bertalan"]
[Black "Palczert, Matyas"]
[Result "0-1"]
[WhiteElo "1959"]
[BlackElo "2296"]
[PlyCount "168"]
[EventDate "2022.11.20"]
[EventType "team-tourn"]
[EventRounds "9"]
[EventCountry "HUN"]
[SourceTitle "EXT 2024"]
[Source "ChessBase"]
[SourceDate "2023.10.10"]
[SourceVersion "1"]
[SourceVersionDate "2023.10.10"]
[SourceQuality "1"]
[WhiteTeam "Biatorbagy"]
[BlackTeam "Aquaprofit"]
[WhiteTeamCountry "HUN"]
[BlackTeamCountry "HUN"]

1. e4 c5 2. Nf3 d6 3. d4 cxd4 4. Nxd4 Nf6 5. Nc3 a6 6. Bg5 Nbd7 7. Qe2 h6 8. Bh4 b5 9. 0-0-0 Bb7 10. f4 e5 11. fxe5 dxe5 12. Nf5 Qb6 13. g4 b4 14. Nd5 Nxd5 15. exd5 g6 16. Bg3 gxf5 17. Bxe5 0-0-0 18. Bxh8 Bc5 19. Bg7 Rg8 20. Bg2 Rxg7 21. d6 Be3+ 22. Kb1 f4 23. Bxb7+ Kxb7 24. Qc4 Rxg4 25. Qe4+ Qc6 26. Qxb4+ Ka7 27. Qb3 Rg2 28. Rhe1 Rd2 29. a3 Qxd6 30. Rc1 Rd5 31. Rxe3 fxe3 32. Qxe3+ Kb7 33. Qb3+ Kc7 34. Qc4+ Qc6 35. Qf4+ Qd6 36. Qxf7 Rb5 37. Qc4+ Kb7 38. Qe4+ Qc6 39. Qe7 Re5 40. Qf7 Qe6 41. Qf3+ Qc6 42. Qf7 Re2 43. Qb3+ Ka7 44. h3 Qe4 45. Qc3 Qe5 46. Qc6 Nb6 47. Rd1 Re1 48. Rxe1 Qxe1+ 49. Ka2 Qe3 50. Kb1 h5 51. Ka2 Qf4 52. b3 Qe5 53. a4 Nd5 54. Qd7+ Kb6 55. Qd8+ Kb7 56. Qd7+ Nc7 57. Qh7 a5 58. Qd3 Kc8 59. Qf3 Nd5 60. Qf8+ Kd7 61. Qf7+ Kc6 62. Qg6+ Kc5 63. Qg2 Qd4 64. Qf1 Nc3+ 65. Ka3 Qb4+ 66. Kb2 Nxa4+ 67. Kc1 Nc3 68. Qf8+ Kd4 69. Qf6+ Ke3 70. Qg5+ Kf2 71. Qf5+ Ke1 72. Kb2 Nd1+ 73. Kb1 h4 74. Qe5+ Kf1 75. Qf5+ Nf2 76. Ka2 Qc3 77. Kb1 Qxh3 78. Qb5+ Kg1 79. Qxa5 Qg3 80. Qe1+ Kg2 81. Qd2 h3 82. Qd5+ Kg1 83. Qe6 h2 84. Qe1+ Kg2 0-1

[Event "HUN-ch U20"]
[Site "Budapest"]
[Date "2023.02.23"]
[Round "5"]
[White "Szikszai, Bertalan"]
[Black "Juhasz, Agoston Botond"]
[Result "1/2-1/2"]
[WhiteElo "2200"]
[BlackElo "2296"]
[PlyCount "99"]
[EventDate "2023.02.20"]
[EventType "swiss"]
[EventRounds "7"]
[EventCountry "HUN"]
[SourceTitle "CBM 212 Extra"]
[Source "ChessBase"]
[SourceDate "2023.03.31"]
[SourceVersion "1"]
[SourceVersionDate "2023.03.31"]
[SourceQuality "1"]

1. e4 c6 2. d4 d5 3. e5 Bf5 4. h4 h6 5. g4 Be4 6. f3 Bh7 7. e6 Qd6 8. exf7+ Kxf7 9. f4 Nf6 10. Nf3 Nxg4 11. Bh3 h5 12. Ne5+ Ke8 13. Bxg4 hxg4 14. Qxg4 Nd7 15. Qh5+ g6 16. Qe2 Qf6 17. Nc3 Bg8 18. Be3 Rxh4 19. 0-0-0 Be6 20. Rxh4 Qxh4 21. Nxg6 Qh7 22. Rg1 Bf5 23. Ne5 e6 24. Qg2 Qh3 25. Qxh3 Bxh3 26. Na4 Nxe5 27. fxe5 b6 28. a3 Rb8 29. Rh1 Bf5 30. Nc3 Kf7 31. Kd2 Be7 32. Ne2 Rg8 33. Rh2 Rg4 34. c3 a5 35. Bf4 Ke8 36. Ke3 Kd7 37. Rh8 Rg2 38. Kf3 Rg7 39. Ke3 c5 40. Ng3 Bg6 41. Nh5 Rf7 42. Nf6+ Kc6 43. Rb8 Bf5 44. Bh6 c4 45. Kf4 Bxf6 46. exf6 Rxf6 47. Bg5 Rf7 48. Bd8 Rb7 49. Rxb7 Kxb7 50. Ke5 1/2-1/2

[Event "HUN-ch U20"]
[Site "Budapest"]
[Date "2023.02.22"]
[Round "3"]
[White "Szikszai, Bertalan"]
[Black "Reviczki, Roland"]
[Result "1/2-1/2"]
[WhiteElo "2200"]
[BlackElo "2220"]
[PlyCount "104"]
[EventDate "2023.02.20"]
[EventType "swiss"]
[EventRounds "7"]
[EventCountry "HUN"]
[SourceTitle "CBM 212 Extra"]
[Source "ChessBase"]
[SourceDate "2023.03.31"]
[SourceVersion "1"]
[SourceVersionDate "2023.03.31"]
[SourceQuality "1"]

1. e4 c5 2. Nf3 Nc6 3. Bb5 g6 4. Bxc6 dxc6 5. d3 Bg7 6. h3 Nf6 7. a4 a5 8. Be3 Nd7 9. Qc1 h6 10. Nc3 e5 11. Nd2 b6 12. 0-0 0-0 13. Nc4 Qh4 14. f4 exf4 15. Bxf4 Ba6 16. Nd2 Qe7 17. Nf3 Kh7 18. Qe1 Rfe8 19. Qf2 Ra7 20. Rae1 Nf6 21. Bh2 Qd8 22. e5 Nd5 23. Re4 Bc8 24. Nd2 Bf5 25. Re2 f6 26. Rfe1 Nb4 27. Nc4 fxe5 28. Bxe5 Nxc2 29. Rxc2 Qxd3 30. Bxg7 Rxe1+ 31. Qxe1 Qxc4 32. Rd2 Rxg7 33. Rd6 Rf7 34. Rxc6 Qd4+ 35. Kh1 Bd3 36. Kh2 c4 37. Qg3 h5 38. Rc7 Rxc7 39. Qxc7+ Kh6 40. Qb8 h4 41. Qf8+ Kh5 42. Qf3+ Kh6 43. Qf8+ Kh5 44. Qf3+ Kg5 45. Kh1 Qf4 46. Qd5+ Kh6 47. Qd8 Qf1+ 48. Kh2 Qf4+ 49. Kh1 Kh5 50. Qxb6 Qc1+ 51. Kh2 Qf4+ 52. Kh1 Qc1+ 1/2-1/2

[Event "HUN-chT 2223"]
[Site "Hungary"]
[Date "2023.02.12"]
[Round "5.12"]
[White "Szikszai, Bertalan"]
[Black "Berta, Sandor Martin"]
[Result "1-0"]
[WhiteElo "1959"]
[BlackElo "2052"]
[PlyCount "65"]
[EventDate "2022.11.20"]
[EventType "team-tourn"]
[EventRounds "9"]
[EventCountry "HUN"]
[SourceTitle "CBM 213 Extra"]
[Source "ChessBase"]
[SourceDate "2023.05.31"]
[SourceVersion "1"]
[SourceVersionDate "2023.05.31"]
[SourceQuality "1"]
[WhiteTeam "Biatorbagy"]
[BlackTeam "Budapest MTK"]
[WhiteTeamCountry "HUN"]
[BlackTeamCountry "HUN"]

1. e4 g6 2. d4 Bg7 3. Nf3 d6 4. Bc4 Nf6 5. Nc3 0-0 6. h3 c6 7. 0-0 b5 8. Bd3 b4 9. Ne2 Ba6 10. Bg5 Nfd7 11. a3 c5 12. e5 Bxd3 13. Qxd3 dxe5 14. dxe5 Nc6 15. e6 Nde5 16. exf7+ Rxf7 17. Nxe5 Nxe5 18. Qe4 Bf6 19. Be3 Rc8 20. axb4 cxb4 21. Rxa7 Rc4 22. Nd4 Qd6 23. Ra8+ Rf8 24. Rxf8+ Kxf8 25. Qa8+ Kg7 26. c3 Nd7 27. Rd1 Qe5 28. Nf3 Qc7 29. Qd5 bxc3 30. bxc3 Ne5 31. Nd4 Qd7 32. Ne6+ Kf7 33. Ng5+ 1-0

[Event "HUN-chT4 2223"]
[Site "Gyor"]
[Date "2023.01.22"]
[Round "4"]
[White "Szikszai, Bertalan"]
[Black "Szabo, Laszlo"]
[Result "1-0"]
[WhiteElo "2249"]
[BlackElo "1985"]
[PlyCount "75"]
[EventDate "2022.10.09"]
[EventType "team-tourn"]
[EventRounds "7"]
[EventCountry "HUN"]
[SourceTitle "EXT 2024"]
[Source "ChessBase"]
[SourceDate "2023.10.10"]
[SourceVersion "1"]
[SourceVersionDate "2023.10.10"]
[SourceQuality "1"]
[WhiteTeam "Feher Lo Semmovar"]
[BlackTeam "Gyor Szechenyi II"]
[WhiteTeamCountry "HUN"]
[BlackTeamCountry "HUN"]

1. e4 c5 2. Nf3 e6 3. d4 cxd4 4. Bg5 Qc7 5. Qxd4 Nc6 6. Qd2 Nf6 7. Nc3 a6 8. Bd3 Be7 9. 0-0-0 d6 10. Kb1 Bd7 11. Rhe1 0-0-0 12. h3 Kb8 13. Be3 Be8 14. Na4 Nd7 15. a3 Rc8 16. b4 Na7 17. c4 b6 18. Nb2 Qb7 19. Rc1 f6 20. Nd4 Bg6 21. Nxe6 Bxe4 22. f3 Bxd3+ 23. Qxd3 Ne5 24. Qd4 b5 25. Qxa7+ Qxa7 26. Bxa7+ Kxa7 27. cxb5 axb5 28. Nc7 Rb8 29. f4 Ng6 30. Nd5 Bd8 31. Rc6 f5 32. Re6 Bf6 33. Nd3 Bd4 34. Rcxd6 Rb7 35. Nc5 Bxc5 36. bxc5 Rc8 37. c6 Rbb8 38. c7 1-0

[Event "HUN-chT 2122"]
[Site "Hungary"]
[Date "2022.03.20"]
[Round "8.12"]
[White "Szikszai, Bertalan"]
[Black "Reviczki, Roland"]
[Result "1-0"]
[WhiteElo "2046"]
[BlackElo "2117"]
[PlyCount "115"]
[EventDate "2021.10.10"]
[EventType "team-tourn"]
[EventRounds "9"]
[EventCountry "HUN"]
[SourceTitle "EXT 2023"]
[Source "ChessBase"]
[SourceDate "2022.10.05"]
[SourceVersion "1"]
[SourceVersionDate "2022.10.05"]
[SourceQuality "1"]
[WhiteTeam "Biatorbagy"]
[BlackTeam "Mako Duocor"]
[WhiteTeamCountry "HUN"]
[BlackTeamCountry "HUN"]

1. e4 e5 2. Nf3 Nc6 3. Bc4 Nf6 4. Ng5 d5 5. exd5 Na5 6. Bb5+ c6 7. dxc6 bxc6 8. Bd3 Nd5 9. h4 Qc7 10. Nc3 h6 11. Nf3 Bd6 12. h5 Bg4 13. Rh4 Be6 14. Nxd5 cxd5 15. Bb5+ Ke7 16. d4 e4 17. Ne5 Rab8 18. a4 Bxe5 19. dxe5 Qxe5 20. Be3 Rbc8 21. c3 Nc4 22. Bxc4 dxc4 23. Qd4 Qxd4 24. Bxd4 f5 25. Bxa7 Rc6 26. Bd4 Rb8 27. Ra2 Kf7 28. Kd2 Ra6 29. Rh3 f4 30. Rh4 g5 31. hxg6+ Kxg6 32. Rxf4 Bf5 33. g4 e3+ 34. Bxe3 Bb1 35. Ra1 Bd3 36. Kc1 Rba8 37. Rd4 h5 38. gxh5+ Kxh5 39. b3 Rb8 40. bxc4 Bf5 41. c5 Rb3 42. Rc4 Rg6 43. Ra2 Rb1+ 44. Kd2 Rgg1 45. Rf4 Kg6 46. Rxf5 Kxf5 47. Kd3 Ke6 48. Kc4 Rg4+ 49. Bd4 Kd7 50. a5 Kc6 51. Re2 Rg6 52. f4 Rf1 53. Rb2 Rg8 54. Rb6+ Kd7 55. Kd5 Rxf4 56. c6+ Kc8 57. Be5 Rd8+ 58. Kc5 1-0